000
00238nam a22001217a 4500
003
SGT
082
_a
658.8,ETZ
100
_a
ETZEL,MICHAEL J.
245
_a
MARKETING
250
_a
14TH
260
_a
NEW DELHI
_b
TMH
_c
2010
942
_2
ddc
_c
CD
999
_c
10878
_d
10878